000 00257nam a2200121Ia 4500
008 190216s9999||||xx |||||||||||||| ||und||
100 _aBalakrishnan C V
245 0 _aKatha
260 _bMalbery Books
300 _a144
650 _aKathakal
942 _cBK
999 _c28010
_d28010